000 00302nam a22001337a 4500
008 170321b xxu||||| |||| 00| 0 eng d
020 _a9780721628394
041 _aeng
080 _26TH
_a616.12-008-073
100 _a7
101 _aSHM
245 _aDRUGS FOR THE HEART
_cOPIE, L.H
942 _2udc
_cBK
999 _c8296
_d8296